LEADER 01849nas# 22002531i 450 001 UON00237299 005 20231205103532.54 011 $a0044-9008 100 $a20030730a1967 |0itac50 ba 101 $acze 102 $aCS 105 $a|||| ||||| 110 $aaF||||||||| 200 1 $aArs 210 $a1(1967)- 215 $aBratislava$cVydavatel'stvo Slovenskej Akademija Vied, 1967- . Semestrale. 620 $aSK$dBratislava$3UONL000503 712 $aSlovenska Akadémia Vied$3UONV265842$4650 801 $aIT$bSOL$c20240220$gRICA 899 $aSIBA - SISTEMA BIBLIOTECARIO DI ATENEO$2UONSI$41982-1985; 1987-1990.$cPER A 255 ; 912 $aUON00237299 950 $aSIBA - SISTEMA BIBLIOTECARIO DI ATENEO$bSI 1982-1985; 1987-1990.$dSI PER DUOMO A 255 1982 $eSI EO 11226 6 1982 $dSI PER DUOMO A 255 1983 $eSI EO 12582 6 1983 $dSI PER DUOMO A 255 1984 $eSI EO 13228 6 1984 $dSI PER DUOMO A 255 1985 $eSI EO 15003 6 1985 $dSI PER DUOMO A 255 1987 $eSI EO 18031 6 1987 $dSI PER DUOMO A 255 1988 $eSI EO 18261 6 1988 $dSI PER DUOMO A 255 1989 $eSI EO 20196 6 1989 $dSI PER DUOMO A 255 1990 $eSI EO 20936 7 1990 $dSI PER DUOMO A 255 1990 $eSI EO 22518 6 1990 996 $aArs$9749626 997 $aUNIOR